| 000 | 01110cam a2200301 a 4500 | ||
|---|---|---|---|
| 999 |
_c10182 _d10182 |
||
| 001 | 10182 | ||
| 003 | BD-JhCC | ||
| 005 | 20180419084732.0 | ||
| 008 | 180417s1986 cou b 000 0 eng | ||
| 020 | _a0813371805 (pbk. : alk. paper) | ||
| 035 | _a(BD-JhCC)10182 | ||
| 040 |
_aDLC _cDLC _dDLC _dBD-JhCC |
||
| 041 | _aeng | ||
| 050 | 0 | 0 |
_aKF5505.A75 _bO25 1986 |
| 082 | 0 | 0 |
_a353.0082/325 _219 _bOCE 1986 |
| 245 | 0 | 0 |
_aOcean resources and U.S. intergovernmental relations in the 1980's / _cedited by Maynard Silva. |
| 260 |
_aBoulder : _bWestview Press, _c1986. |
||
| 300 |
_axi, 279 p. ; _c23 cm. |
||
| 440 | 0 | _aWestview special studies in ocean science and policy | |
| 504 | _aIncludes bibliographies. | ||
| 650 | 0 |
_aMarine resources conservation _xLaw and legislation _zUnited States. |
|
| 650 | 0 |
_aMarine resources _xGovernment policy _zUnited States. |
|
| 650 | 0 |
_aFederal government _zUnited States. |
|
| 700 | 1 |
_aSilva, Maynard Edward, _d1949- |
|
| 856 | 4 | 2 |
_3Contributor biographical information _uhttp://www.loc.gov/catdir/enhancements/fy0830/86051019-b.html |
| 942 |
_2ddc _cBK |
||